Dinosaur Species - Statistics

General Stats
  • This quiz has been taken 108 times
  • The average score is 7 of 17
Answer Stats
Hint Answer % Correct
Tyrannosaurus rex
100%
Triceratops horridus
67%
Tarbosaurus bataar
63%
Allosaurus* fragilis
53%
Triceratops prorsus
50%
Giganotosaurus carolinii
47%
Stegosaurus* stenops
46%
Carnotaurus sastrei
39%
Carcharodontosaurus saharicus
38%
Spinosaurus* aegyptiacus
36%
Brachiosaurus* altithorax
32%
Ankylosaurus magniventris
28%
Deinonychus antirrhopus
25%
Dromaeosaurus albertensis
14%
Carcharodontosaurus iguidensis
14%
Utahraptor ostrommaysorum
11%
Teratophoneus curriei
6%
No matching quizzes found
Score Distribution
Percent of People with Each Score
Percentile by Number Answered
Your Score History
You have not taken this quiz